Tài liệu huấn luyện viên ngành trồng trọt
Guardat en:
| Autor principal: | |
|---|---|
| Format: | Llibre |
| Idioma: | Undetermined |
| Publicat: |
Hà Nội
Nông nghiệp
1986
|
| Matèries: | |
| Etiquetes: |
Afegir etiqueta
Sense etiquetes, Sigues el primer a etiquetar aquest registre!
|
| Thư viện lưu trữ: | Trung tâm Học liệu Trường Đại học Cần Thơ |
|---|
| LEADER | 00535nam a2200169Ia 4500 | ||
|---|---|---|---|
| 001 | CTU_12242 | ||
| 008 | 210402s9999 xx 000 0 und d | ||
| 082 | |a 633 | ||
| 082 | |b Tr312c | ||
| 100 | |a Phan Hữu Trinh | ||
| 245 | 0 | |a Tài liệu huấn luyện viên ngành trồng trọt | |
| 245 | 0 | |c Phan Hữu Trinh, Trần Thị Mai, Vũ Đình Thắng | |
| 260 | |a Hà Nội | ||
| 260 | |b Nông nghiệp | ||
| 260 | |c 1986 | ||
| 650 | |a field crops | ||
| 980 | |a Trung tâm Học liệu Trường Đại học Cần Thơ | ||